| 000 | 00000nam 2200000za 4500 |
| 001 | 9.572907 |
| 003 | CaOODSP |
| 005 | 20221107134027 |
| 007 | cr ||||||||||| |
| 008 | 150406s1999 onc|||||o f00| 0 eng d |
| 040 | |aCaOODSP|beng |
| 043 | |an-cn--- |
| 086 | 1 |aM22-132/3-1-1999E-PDF |
| 110 | 1 |aCanada. |bNatural Resources Canada. |
| 245 | 10|aBuildings Issue Table, Commercial/Institutional Sector options report |h[electronic resource] |
| 260 | |aOttawa : |bThe Table,|c1999. |
| 300 | |a167p.|bgraphs, references, tables |
| 590 | |a12-02-Supp|b2012-01-20 |
| 710 | 2 |aNational Climate Change Secretariat (Canada).|bCommercial/Institutional Sector. |
| 775 | 08|tTable des bâtiments, rapport sur les options pour le secteur commercial/institutionnel |w(CaOODSP)9.603159 |
| 776 | 0#|tBuildings: commercial/institutional sector / |w(CaOODSP)9.615178 |
| 856 | 40|ahttp://publications.gc.ca|qPDF|s823 KB|uhttps://publications.gc.ca/collections/Collection/M22-132-3-1-1999E.pdf |